Banderas de las provincias de Andalucía - Estadísticas

Estadísticas generales
  • Esta prueba ha sido intentada 426 veces
  • La puntuación promedio es 8 de 8
Estadísticas de respuestas
Imagen Respuesta % Correcto
Granada
97%
Jaén
96%
Sevilla
96%
Cádiz
95%
Almería
93%
Huelva
93%
Málaga
93%
Córdoba
89%
No se encontraron pruebas coincidentes
Distribución de puntuación
Porcentaje de gente con cada puntuación
Porcentaje por número respondido
Historial de tus puntuaciones
No has intentado esta prueba.